Statistics for British Geography Multiple Choice

Click here to take the quiz!

General Stats

  • This quiz has been taken 30,253 times
  • The average score is 10 of 15

Answer Stats

QuestionAnswer% Correct
Which of these cities is furthest north?York
88%
What generally, but not always, did a settlement need to have to be granted official city status in Great Britain?A cathedral
86%
Which of these countries is closest to Great Britain?Belgium
84%
What does the flag of the Isle of Man look like?
82%
What is the term for people from Liverpool?Liverpudlians
77%
If you dug directly through the center of the Earth from London, where would you emerge?near New Zealand
75%
Which city is on the river Thames?Oxford
69%
Where do Cockney accents come from originally?London
68%
Which of these islands is part of Wales?Anglesey
67%
What is the name of the counties which surround London?The Home Counties
65%
Many places in Great Britain end in the suffix "Chester". Where does this name come from?A Roman term for fort
61%
Which of the following is a nickname of Aberdeen, Scotland?Granite City
61%
Which of the following types of landscape is not closely related to the others?Heath
61%
True or false: There are glaciers in Great Britain.False
49%
How do most people commute to work in the UK?By car
35%

Score Distribution

Percentile by Number Answered

Percent of People with Each Score

Your Score History

You have not taken this quiz